000 00499nam a2200145Ia 4500
008 100204s9999 xx 000 0 und d
082 _b12131
100 _aबंड श्याम
245 _aराजपुत्र हातीमताई
260 _b"मंगल प्रकाशन , नागपूर"
_c1989
300 _a120
630 _aराजपुत्र हातीमताई
730 _aराजपुत्र हातीमताई
942 _cBOOK
999 _c456564
_d456561